[Event "Heraklion op 24th"]
[Site "Heraklion"]
[Date "2018.09.10"]
[Round "9"]
[White "Serpetsidakis, Nikolaos"]
[Black "Spirou, Gerasimos"]
[Result "1-0"]
[WhiteElo "2124"]
[BlackElo "1705"]
[PlyCount "69"]
[EventDate "2018.09.03"]
[EventType "swiss"]
[EventRounds "9"]
[EventCountry "GRE"]
[SourceTitle "CBM 186 Extra"]
[Source "ChessBase"]
[SourceDate "2018.08.24"]
[SourceVersion "1"]
[SourceVersionDate "2018.08.24"]
[SourceQuality "1"]

1. d4 Nf6 2. c4 d6 3. Nc3 Nbd7 4. e4 e5 5. Nf3 Be7 6. Be2 0-0 7. 0-0 exd4 8. Nxd4 Nc5 9. f3 a5 10. Be3 c6 11. Qd2 Qc7 12. Rad1 Be6 13. g4 Rad8 14. g5 Nfd7 15. f4 f5 16. Nxe6 Nxe6 17. exf5 Rxf5 18. Bg4 Rdf8 19. Bxf5 Rxf5 20. Ne4 d5 21. Ng3 Rf7 22. cxd5 cxd5 23. Qxd5 Ndc5 24. Nf5 Bf8 25. Nd6 Rd7 26. Bxc5 Qxc5+ 27. Qxc5 Nxc5 28. Nc4 Nd3 29. Rf3 Bc5+ 30. Kf1 b5 31. Nxa5 Ra7 32. Rfxd3 Rxa5 33. Rc1 Bb6 34. Rc6 Ba7 35. Rd7 1-0

[Event "Heraklion op 24th"]
[Site "Heraklion"]
[Date "2018.09.08"]
[Round "7"]
[White "Serpetsidakis, Nikolaos"]
[Black "Dagkonaki, Aspasia"]
[Result "1/2-1/2"]
[WhiteElo "2124"]
[BlackElo "1496"]
[PlyCount "47"]
[EventDate "2018.09.03"]
[EventType "swiss"]
[EventRounds "9"]
[EventCountry "GRE"]
[SourceTitle "CBM 186 Extra"]
[Source "ChessBase"]
[SourceDate "2018.08.24"]
[SourceVersion "1"]
[SourceVersionDate "2018.08.24"]
[SourceQuality "1"]

1. d4 d5 2. c4 e6 3. Nc3 Nf6 4. Nf3 Be7 5. Bf4 c6 6. e3 0-0 7. Qc2 Nbd7 8. h3 Re8 9. a3 dxc4 10. Bxc4 Nd5 11. Bh2 N7f6 12. 0-0 b6 13. Ne2 Bb7 14. Rad1 Qc8 15. e4 Nc7 16. Nc3 Ba6 17. Bxa6 Nxa6 18. b4 Nc7 19. Na4 Nb5 20. Ra1 Rd8 21. e5 Nd5 22. Qc4 a5 23. Rfb1 Qb7 24. Rb3 1/2-1/2

[Event "Heraklion op 24th"]
[Site "Heraklion"]
[Date "2018.09.07"]
[Round "6"]
[White "Xirouhakis, Emmanouil"]
[Black "Serpetsidakis, Nikolaos"]
[Result "0-1"]
[WhiteElo "1507"]
[BlackElo "2124"]
[PlyCount "70"]
[EventDate "2018.09.03"]
[EventType "swiss"]
[EventRounds "9"]
[EventCountry "GRE"]
[SourceTitle "CBM 186 Extra"]
[Source "ChessBase"]
[SourceDate "2018.08.24"]
[SourceVersion "1"]
[SourceVersionDate "2018.08.24"]
[SourceQuality "1"]

1. d4 Nf6 2. c4 g6 3. Nc3 Bg7 4. Nf3 0-0 5. e3 d6 6. Be2 Nbd7 7. b3 e5 8. dxe5 dxe5 9. Bb2 Re8 10. Qc2 c6 11. 0-0 Qc7 12. Rfd1 Nc5 13. b4 Bf5 14. Qc1 Ncd7 15. Nh4 Be6 16. Rd2 e4 17. g3 Ne5 18. Na4 Bg4 19. Bxe5 Qxe5 20. Qd1 Bxe2 21. Rxe2 g5 22. Ng2 Qe6 23. Rc1 Qh3 24. Ne1 Rad8 25. Qc2 Ng4 26. f3 exf3 27. Nxf3 Nxe3 28. Qb1 Qh5 29. Rf2 Ng4 30. Rff1 Bd4+ 31. Kh1 Re2 32. Rc2 Rde8 33. h4 gxh4 34. gxh4 Nf2+ 35. Rxf2 Bxf2 0-1

[Event "Heraklion op 24th"]
[Site "Heraklion"]
[Date "2018.09.04"]
[Round "3"]
[White "Serpetsidakis, Nikolaos"]
[Black "Burnett, Leon P"]
[Result "1/2-1/2"]
[WhiteElo "2124"]
[BlackElo "1881"]
[PlyCount "90"]
[EventDate "2018.09.03"]
[EventType "swiss"]
[EventRounds "9"]
[EventCountry "GRE"]
[SourceTitle "CBM 186 Extra"]
[Source "ChessBase"]
[SourceDate "2018.08.24"]
[SourceVersion "1"]
[SourceVersionDate "2018.08.24"]
[SourceQuality "1"]

1. d4 Nf6 2. c4 e6 3. Nc3 Bb4 4. e3 0-0 5. Nge2 Re8 6. a3 Bf8 7. Ng3 d5 8. Be2 b6 9. b4 Bb7 10. 0-0 Nbd7 11. Qb3 c6 12. f4 g6 13. Bb2 Rb8 14. Bf3 dxc4 15. Qxc4 Nd5 16. Rfe1 Bg7 17. Rad1 Qe7 18. Qd3 Red8 19. Nxd5 cxd5 20. b5 Nf6 21. Ra1 Rbc8 22. Rec1 Rd7 23. Rxc8+ Bxc8 24. a4 Rc7 25. Qb3 Qd7 26. a5 Ne8 27. Be2 Bf8 28. Ra4 Bd6 29. Nf1 Qe7 30. Bc3 Qd7 31. Nd2 Bb7 32. Bd3 Bc8 33. Nf3 Bb7 34. Ne5 Bxe5 35. dxe5 Qd8 36. Ra1 Rd7 37. axb6 d4 38. exd4 Rxd4 39. Bf1 axb6 40. Ra4 Rd7 41. Ra7 Qc8 42. Qb4 Nc7 43. Qc4 Qb8 44. Ra1 Nd5 45. Bd2 Rc7 1/2-1/2

[Event "EU-ch U18 28th"]
[Site "Riga"]
[Date "2018.08.20"]
[Round "1"]
[White "Obgolts, Erik"]
[Black "Serpetsidakis, Nikolaos"]
[Result "1/2-1/2"]
[WhiteElo "2334"]
[BlackElo "2064"]
[PlyCount "58"]
[EventDate "2018.08.20"]
[EventType "swiss"]
[EventRounds "9"]
[EventCountry "LAT"]
[SourceTitle "CBM 186 Extra"]
[Source "ChessBase"]
[SourceDate "2018.08.24"]
[SourceVersion "1"]
[SourceVersionDate "2018.08.24"]
[SourceQuality "1"]

1. Nf3 d5 2. d4 Nf6 3. Bf4 c5 4. c3 Nc6 5. Nbd2 Bf5 6. e3 Qb6 7. Qb3 c4 8. Qxb6 axb6 9. a3 h6 10. Be2 e6 11. Ne5 Nxe5 12. Bxe5 Ne4 13. g4 Nxd2 14. Kxd2 Bg6 15. h4 f6 16. Bg3 Kd7 17. h5 Bh7 18. Bd1 Bd6 19. Bxd6 Kxd6 20. Bc2 Bxc2 21. Kxc2 e5 22. Rad1 e4 23. Kd2 Ra5 24. Rdf1 Re8 25. Rh3 Raa8 26. Rg3 Re6 27. Ke2 Ra5 28. f4 exf3+ 29. Kxf3 Re4 1/2-1/2

[Event "Hersonissos op 2nd"]
[Site "Hersonissos"]
[Date "2018.06.23"]
[Round "8"]
[White "Serpetsidakis, Nikolaos"]
[Black "Parker, Keith"]
[Result "1-0"]
[WhiteElo "2126"]
[BlackElo "1846"]
[PlyCount "73"]
[EventDate "2018.06.17"]
[EventType "swiss"]
[EventRounds "9"]
[EventCountry "GRE"]
[SourceTitle "CBM 185 Extra"]
[Source "ChessBase"]
[SourceDate "2018.07.29"]
[SourceVersion "1"]
[SourceVersionDate "2018.07.29"]
[SourceQuality "1"]

1. d4 c6 2. c4 Nf6 3. Nf3 g6 4. Nc3 d5 5. e3 Bg7 6. Bd3 dxc4 7. Bxc4 0-0 8. 0-0 Bg4 9. h3 Bxf3 10. Qxf3 Nbd7 11. Rd1 e5 12. Bb3 exd4 13. exd4 Nb6 14. Bg5 Qd6 15. Bf4 Qd7 16. Rac1 Rac8 17. Be5 Nbd5 18. Rc2 Rfe8 19. Re2 Re7 20. g4 Rce8 21. Rde1 Nxc3 22. bxc3 Nd5 23. c4 Nc7 24. c5 Nd5 25. Kf1 Re6 26. Qd3 Bxe5 27. dxe5 Rd8 28. Rd1 Qe7 29. Qd4 Qh4 30. Kg2 Qg5 31. Kg3 h5 32. f4 h4+ 33. Kh2 Qh6 34. Rf2 Ree8 35. Qa4 Qf8 36. Bxd5 Qxc5 37. Rc2 1-0

[Event "Hersonissos op 2nd"]
[Site "Hersonissos"]
[Date "2018.06.22"]
[Round "7"]
[White "Ivanov, Svetlen"]
[Black "Serpetsidakis, Nikolaos"]
[Result "0-1"]
[WhiteElo "1591"]
[BlackElo "2126"]
[PlyCount "44"]
[EventDate "2018.06.17"]
[EventType "swiss"]
[EventRounds "9"]
[EventCountry "GRE"]
[SourceTitle "CBM 185 Extra"]
[Source "ChessBase"]
[SourceDate "2018.07.29"]
[SourceVersion "1"]
[SourceVersionDate "2018.07.29"]
[SourceQuality "1"]

1. d4 Nf6 2. Nf3 g6 3. g3 Bg7 4. Bg2 0-0 5. 0-0 d6 6. c4 Nc6 7. Nc3 a6 8. Bg5 h6 9. Bxf6 Bxf6 10. Qd2 Bg7 11. Rad1 Rb8 12. a4 Bg4 13. e3 e5 14. d5 Na5 15. Qd3 f5 16. e4 Nb3 17. Qe3 Qd7 18. Rb1 Nd4 19. Ne1 f4 20. Qd3 f3 21. Bh1 Ne2+ 22. Nxe2 fxe2 0-1

[Event "Hersonissos op 2nd"]
[Site "Hersonissos"]
[Date "2018.06.19"]
[Round "4"]
[White "Haug, Johannes"]
[Black "Serpetsidakis, Nikolaos"]
[Result "1-0"]
[WhiteElo "2401"]
[BlackElo "2126"]
[PlyCount "91"]
[EventDate "2018.06.17"]
[EventType "swiss"]
[EventRounds "9"]
[EventCountry "GRE"]
[SourceTitle "CBM 185 Extra"]
[Source "ChessBase"]
[SourceDate "2018.07.29"]
[SourceVersion "1"]
[SourceVersionDate "2018.07.29"]
[SourceQuality "1"]

1. Nf3 Nf6 2. g3 d5 3. Bg2 Bf5 4. 0-0 e6 5. c4 c6 6. d3 dxc4 7. dxc4 Qxd1 8. Rxd1 Nbd7 9. Nc3 e5 10. b3 Bb4 11. Bb2 0-0 12. e4 Bxc3 13. Bxc3 Nxe4 14. Bb2 Bg4 15. Re1 Bxf3 16. Bxf3 Ng5 17. Bg2 f6 18. f4 Nf7 19. Rad1 Rfd8 20. Bh3 Nf8 21. Rxd8 Rxd8 22. fxe5 fxe5 23. Bxe5 Nxe5 24. Rxe5 Rd1+ 25. Kf2 Rd2+ 26. Kf3 Rxa2 27. Re8 g6 28. Rb8 b6 29. Bd7 c5 30. Be6+ Kg7 31. Bd5 Rd2 32. Rb7+ Kh8 33. Rf7 Kg8 34. Rxa7+ Kh8 35. Ke3 Rd4 36. Rf7 Kg8 37. Rb7+ Kh8 38. Rxb6 Nd7 39. Re6 Nf8 40. Re8 Kg7 41. Re7+ Kh8 42. Rf7 Kg8 43. Rf4+ Kg7 44. Rxd4 cxd4+ 45. Kxd4 Kf6 46. b4 1-0

[Event "Hersonissos op 2nd"]
[Site "Hersonissos"]
[Date "2018.06.17"]
[Round "1"]
[White "Serpetsidakis, Nikolaos"]
[Black "Matthaiaki, Nefeli"]
[Result "1-0"]
[WhiteElo "2126"]
[BlackElo "1284"]
[PlyCount "59"]
[EventDate "2018.06.17"]
[EventType "swiss"]
[EventRounds "9"]
[EventCountry "GRE"]
[SourceTitle "CBM 185 Extra"]
[Source "ChessBase"]
[SourceDate "2018.07.29"]
[SourceVersion "1"]
[SourceVersionDate "2018.07.29"]
[SourceQuality "1"]

1. d4 d5 2. c4 e6 3. Nc3 Nf6 4. Bg5 Be7 5. e3 0-0 6. Bd3 h6 7. Bh4 Nbd7 8. Nf3 b6 9. 0-0 Bb7 10. Nd2 c5 11. b3 Rc8 12. Rc1 Re8 13. Bg3 a6 14. Qe2 cxd4 15. exd4 dxc4 16. bxc4 Nb8 17. Nb3 Bd6 18. Rfd1 Bxg3 19. hxg3 Qe7 20. f4 a5 21. g4 Nc6 22. Nb5 Nd7 23. Nd2 Rcd8 24. Re1 Ba8 25. Nf3 Qf6 26. Qe3 Nf8 27. Nc7 Re7 28. Nxa8 Rxa8 29. g5 hxg5 30. fxg5 1-0

[Event "Heraklion op 21st"]
[Site "Heraklion"]
[Date "2017.09.09"]
[Round "8"]
[White "Kasparova, Tatiana"]
[Black "Serpetsidakis, Nikolaos"]
[Result "1/2-1/2"]
[WhiteElo "2134"]
[BlackElo "1990"]
[PlyCount "88"]
[EventDate "2017.09.03"]
[EventType "swiss"]
[EventRounds "9"]
[EventCountry "GRE"]
[SourceTitle "CBM 180 Extra"]
[Source "ChessBase"]
[SourceDate "2017.10.06"]
[SourceVersion "1"]
[SourceVersionDate "2017.10.06"]
[SourceQuality "1"]

1. e4 e6 2. d4 d5 3. Nd2 Be7 4. e5 c5 5. c3 Nc6 6. Ndf3 f6 7. Bd3 fxe5 8. dxe5 Qc7 9. Bf4 Nh6 10. Nh3 Nf7 11. Qe2 Bd7 12. 0-0 0-0-0 13. Rfe1 Rdf8 14. Bd2 Qd8 15. Qe3 Nh6 16. b4 cxb4 17. cxb4 Ng4 18. Qe2 Bxb4 19. Bxb4 Nxb4 20. Nd4 Nxe5 21. Bb5 Nbc6 22. Rac1 Kb8 23. Bxc6 Nxc6 24. Nxc6+ Bxc6 25. Qg4 Qd7 26. Ng5 g6 27. Qg3+ Ka8 28. Nxe6 Rc8 29. Nd4 Rhe8 30. h3 Rxe1+ 31. Rxe1 Re8 32. Rxe8+ Qxe8 33. Qd6 a6 34. Ne6 Qd7 35. Qe5 Ka7 36. Qd4+ b6 37. Qe5 Bb7 38. Nd4 a5 39. f4 Qa4 40. Qg7 Ka6 41. Ne6 Qc6 42. Nc7+ Ka7 43. Qe5 a4 44. Kh2 d4 1/2-1/2

[Event "Heraklion op 21st"]
[Site "Heraklion"]
[Date "2017.09.07"]
[Round "6"]
[White "Serpetsidakis, Nikolaos"]
[Black "Ristic, Nenad"]
[Result "0-1"]
[WhiteElo "1990"]
[BlackElo "2400"]
[PlyCount "126"]
[EventDate "2017.09.03"]
[EventType "swiss"]
[EventRounds "9"]
[EventCountry "GRE"]
[SourceTitle "CBM 180 Extra"]
[Source "ChessBase"]
[SourceDate "2017.10.06"]
[SourceVersion "1"]
[SourceVersionDate "2017.10.06"]
[SourceQuality "1"]

1. d4 Nf6 2. c4 g6 3. Nc3 d5 4. cxd5 Nxd5 5. e4 Nxc3 6. bxc3 Bg7 7. Bc4 0-0 8. Ne2 Nc6 9. 0-0 Na5 10. Bd3 c5 11. Be3 b6 12. Qd2 Qc7 13. Rac1 e6 14. Bh6 Bb7 15. Bxg7 Kxg7 16. h4 Qe7 17. Qf4 Nc6 18. h5 e5 19. Qe3 exd4 20. cxd4 cxd4 21. Nxd4 Ne5 22. Be2 Rac8 23. f4 Nd7 24. Rxc8 Rxc8 25. e5 Kg8 26. Bg4 Rd8 27. hxg6 hxg6 28. e6 Nf6 29. exf7+ Kxf7 30. Qxe7+ Kxe7 31. Re1+ Kf7 32. Be6+ Kf8 33. Nf3 Bxf3 34. gxf3 Re8 35. Kf2 Nh5 36. Re4 Kg7 37. f5 Kf6 38. Bd7 Rd8 39. Re6+ Kxf5 40. Rd6+ Ke5 41. Re6+ Kd5 42. Rxg6 Rxd7 43. Rg5+ Kc4 44. Rxh5 Rd2+ 45. Ke3 Rxa2 46. f4 Ra1 47. Ke2 b5 48. f5 Ra6 49. Rh7 b4 50. Kd2 Ra2+ 51. Kc1 a5 52. Rc7+ Kb3 53. f6 Rf2 54. f7 a4 55. Kb1 Rf1+ 56. Rc1 Rxf7 57. Ka1 Ka3 58. Rb1 b3 59. Rh1 Rf4 60. Rg1 Kb4 61. Rh1 a3 62. Rg1 a2 63. Kb2 Rf2+ 0-1

[Event "Heraklion op 21st"]
[Site "Heraklion"]
[Date "2017.09.05"]
[Round "4"]
[White "Spirou, Gerasimos"]
[Black "Serpetsidakis, Nikolaos"]
[Result "0-1"]
[WhiteElo "1700"]
[BlackElo "1990"]
[PlyCount "116"]
[EventDate "2017.09.03"]
[EventType "swiss"]
[EventRounds "9"]
[EventCountry "GRE"]
[SourceTitle "CBM 180 Extra"]
[Source "ChessBase"]
[SourceDate "2017.10.06"]
[SourceVersion "1"]
[SourceVersionDate "2017.10.06"]
[SourceQuality "1"]

1. e4 c5 2. Nf3 e6 3. d4 cxd4 4. Nxd4 a6 5. Bd3 Nf6 6. Be3 Qc7 7. Nd2 d5 8. c4 e5 9. N4f3 d4 10. Bg5 Nfd7 11. Nb3 Nc6 12. 0-0 a5 13. a3 a4 14. Nc1 Nc5 15. b4 axb3 16. Nxb3 Nxd3 17. Qxd3 Rxa3 18. Rxa3 Bxa3 19. c5 Bb4 20. Bd2 0-0 21. Qb5 Bxd2 22. Nbxd2 Bg4 23. Rb1 Rb8 24. Ne1 Nd8 25. f3 Bd7 26. Qb6 Qxb6 27. Rxb6 Ra8 28. Nc4 f6 29. Rd6 Bc6 30. Nb6 Rb8 31. Nd3 Nf7 32. Re6 Nd8 33. Rd6 Nf7 34. Re6 Rd8 35. Re7 Kf8 36. Rc7 Ng5 37. Kf2 Ne6 38. Rc8 Rxc8 39. Nxc8 Bb5 40. Nb4 Nxc5 41. Nd6 Ba4 42. Ke2 Ke7 43. Nf5+ Kf7 44. Nd3 Nxd3 45. Kxd3 Bb5+ 46. Kc2 Bf1 47. g3 Bg2 48. Nd6+ Ke6 49. Nxb7 Bxf3 50. Kd3 g6 51. h4 f5 52. Nc5+ Kd6 53. Nb7+ Kc6 54. Nd8+ Kd7 55. Nf7 fxe4+ 56. Kd2 e3+ 57. Kd3 e4+ 58. Kxd4 e2 0-1

[Event "Heraklion op 21st"]
[Site "Heraklion"]
[Date "2017.09.03"]
[Round "1"]
[White "Serpetsidakis, Nikolaos"]
[Black "Kealar, Konstantinos"]
[Result "1-0"]
[WhiteElo "1990"]
[BlackElo "1310"]
[PlyCount "87"]
[EventDate "2017.09.03"]
[EventType "swiss"]
[EventRounds "9"]
[EventCountry "GRE"]
[SourceTitle "CBM 180 Extra"]
[Source "ChessBase"]
[SourceDate "2017.10.06"]
[SourceVersion "1"]
[SourceVersionDate "2017.10.06"]
[SourceQuality "1"]

1. d4 d5 2. c4 Nf6 3. cxd5 Nxd5 4. e4 Nf6 5. Nc3 e6 6. Bg5 Be7 7. Nf3 0-0 8. Bd3 Nc6 9. Be2 Nd7 10. Be3 f5 11. exf5 exf5 12. Qb3+ Kh8 13. Rd1 Nf6 14. d5 Na5 15. Qa4 b6 16. 0-0 Bd6 17. b4 Ne4 18. Nxe4 fxe4 19. bxa5 exf3 20. Bxf3 Bd7 21. Qd4 Qe8 22. Qh4 Rxf3 23. gxf3 Qg6+ 24. Qg5 Qf7 25. Bd4 h5 26. Rfe1 Kh7 27. Be5 Be7 28. Qxg7+ Qxg7+ 29. Bxg7 Bd6 30. Be5 Bb4 31. Re4 Bc5 32. Bxc7 Rg8+ 33. Bg3 Bf5 34. Rh4 Kh6 35. d6 Be6 36. axb6 axb6 37. a4 Bb3 38. Rd3 Be6 39. Kh1 Rd8 40. Rf4 Kg6 41. Bh4 Bf5 42. Rxf5 Kxf5 43. Bxd8 Bxf2 44. d7 1-0

[Event "Heraklion Gazi op 13th"]
[Site "Heraklion"]
[Date "2017.08.05"]
[Round "9"]
[White "Serpetsidakis, Nikolaos"]
[Black "Pelantakis, Mihail"]
[Result "1-0"]
[WhiteElo "2013"]
[BlackElo "1799"]
[PlyCount "66"]
[EventDate "2017.07.28"]
[EventType "swiss"]
[EventRounds "9"]
[EventCountry "GRE"]
[SourceTitle "CBM 179 Extra"]
[Source "ChessBase"]
[SourceDate "2017.08.23"]
[SourceVersion "1"]
[SourceVersionDate "2017.08.23"]
[SourceQuality "1"]

1. d4 d5 2. c4 e5 3. dxe5 d4 4. Nf3 Nc6 5. a3 Nge7 6. g3 Ng6 7. Bg2 Ngxe5 8. Nbd2 Be7 9. 0-0 0-0 10. b3 Bf6 11. Nxe5 Nxe5 12. Ne4 Be7 13. Bb2 c5 14. e3 Nc6 15. exd4 cxd4 16. b4 Be6 17. Rc1 Rc8 18. f4 f5 19. Nd2 Bf6 20. Nb3 b6 21. Qd3 Qd7 22. Rfd1 Rfd8 23. b5 Nb8 24. c5 Qf7 25. cxb6 axb6 26. Rxc8 Rxc8 27. Nxd4 Bc4 28. Qe3 Rd8 29. Rc1 Bxb5 30. Nxb5 Bxb2 31. Qxb6 Qd7 32. Re1 Kf8 33. Qc5+ Kf7 1-0

[Event "Heraklion Gazi op 13th"]
[Site "Heraklion"]
[Date "2017.08.01"]
[Round "5"]
[White "Serpetsidakis, Nikolaos"]
[Black "Galopoulos, Nikolaos"]
[Result "1/2-1/2"]
[WhiteElo "2013"]
[BlackElo "2371"]
[PlyCount "82"]
[EventDate "2017.07.28"]
[EventType "swiss"]
[EventRounds "9"]
[EventCountry "GRE"]
[SourceTitle "CBM 179 Extra"]
[Source "ChessBase"]
[SourceDate "2017.08.23"]
[SourceVersion "1"]
[SourceVersionDate "2017.08.23"]
[SourceQuality "1"]

1. d4 Nf6 2. c4 c5 3. d5 e6 4. Nc3 exd5 5. cxd5 d6 6. e4 g6 7. Nf3 Bg7 8. Bg5 0-0 9. Nd2 Re8 10. Be2 a6 11. a4 Nbd7 12. 0-0 h6 13. Bh4 g5 14. Bg3 Ne5 15. Qc2 Rb8 16. Ra3 Qc7 17. a5 Bd7 18. f4 gxf4 19. Bxf4 Nh7 20. Bh5 Re7 21. Nd1 Bb5 22. Rf2 Nf6 23. Bxe5 Rxe5 24. Be2 Bxe2 25. Rxe2 Nxd5 26. Nc4 Nb4 27. Qd2 Rg5 28. Rg3 Rxg3 29. hxg3 Re8 30. Kh2 Nc6 31. Nc3 Nd4 32. Nd5 Qd8 33. Re1 Re6 34. Nf4 Be5 35. Nxe6 Qh4+ 36. Kg1 Bxg3 37. Nxd4 cxd4 38. Rc1 Qh2+ 39. Kf1 Bf4 40. Qxd4 Bxc1 41. Qxd6 Qxd6 1/2-1/2

[Event "GRE-chT 45th"]
[Site "Achaia"]
[Date "2017.07.03"]
[Round "1.13"]
[White "Serpetsidakis, Nikolaos"]
[Black "Tsotras, Ioannis"]
[Result "1-0"]
[WhiteElo "2013"]
[BlackElo "1477"]
[PlyCount "45"]
[EventDate "2017.07.03"]
[EventType "team-swiss"]
[EventRounds "7"]
[EventCountry "GRE"]
[SourceTitle "CBM 179 Extra"]
[Source "ChessBase"]
[SourceDate "2017.08.23"]
[SourceVersion "1"]
[SourceVersionDate "2017.08.23"]
[SourceQuality "1"]
[WhiteTeam "OFI"]
[BlackTeam "Evoiki HS"]
[WhiteTeamCountry "GRE"]
[BlackTeamCountry "GRE"]

1. d4 d5 2. Nf3 Nf6 3. e3 a6 4. Bd3 Nbd7 5. 0-0 e6 6. Nbd2 c5 7. b3 Bd6 8. Bb2 0-0 9. a4 Re8 10. Ne5 b6 11. f4 Nf8 12. Qf3 Qc7 13. g4 Bb7 14. g5 N6d7 15. Qh5 Ng6 16. Nxf7 Kxf7 17. Qxh7 Ndf8 18. Bxg6+ Nxg6 19. dxc5 Bf8 20. f5 exf5 21. Rxf5+ Ke7 22. Qxg6 Qxc5 23. Ba3 1-0

[Event "GRE-ch U16"]
[Site "Achaia"]
[Date "2017.07.01"]
[Round "8"]
[White "Serpetsidakis, Nikolaos"]
[Black "Argyropoulos, Theodoros"]
[Result "0-1"]
[WhiteElo "2013"]
[BlackElo "1629"]
[PlyCount "88"]
[EventDate "2017.06.26"]
[EventType "swiss"]
[EventRounds "9"]
[EventCountry "GRE"]
[SourceTitle "CBM 179 Extra"]
[Source "ChessBase"]
[SourceDate "2017.08.23"]
[SourceVersion "1"]
[SourceVersionDate "2017.08.23"]
[SourceQuality "1"]

1. d4 Nf6 2. c4 g6 3. Nc3 Bg7 4. e4 d6 5. Nf3 0-0 6. Be2 e5 7. 0-0 Nc6 8. Be3 exd4 9. Nxd4 Nxd4 10. Bxd4 Be6 11. Qd2 Nd7 12. Rad1 Ne5 13. b3 Nc6 14. Bxg7 Kxg7 15. Nd5 f6 16. Qc3 Re8 17. f4 Bxd5 18. cxd5 Nb8 19. Bf3 Nd7 20. Rfe1 a5 21. Rc1 Nc5 22. e5 Kf7 23. a3 a4 24. b4 Na6 25. e6+ Kg7 26. Be2 Re7 27. Bb5 c6 28. dxc6 Qb6+ 29. Kh1 Qxb5 30. cxb7 Qxb7 31. Qc6 Qxc6 32. Rxc6 Nc7 33. Rxd6 Rae8 34. h3 Nxe6 35. Ra6 Nxf4 36. Rxe7+ Rxe7 37. Rxa4 Re2 38. b5 Nd5 39. Ra7+ Re7 40. Rxe7+ Nxe7 41. a4 Kf7 42. a5 Ke6 43. b6 Kd7 44. a6 Kc6 0-1

[Event "GRE-ch U16"]
[Site "Achaia"]
[Date "2017.06.27"]
[Round "2"]
[White "Serpetsidakis, Nikolaos"]
[Black "Stamatis, Ioannis"]
[Result "1-0"]
[WhiteElo "2013"]
[BlackElo "1805"]
[PlyCount "79"]
[EventDate "2017.06.26"]
[EventType "swiss"]
[EventRounds "9"]
[EventCountry "GRE"]
[SourceTitle "CBM 179 Extra"]
[Source "ChessBase"]
[SourceDate "2017.08.23"]
[SourceVersion "1"]
[SourceVersionDate "2017.08.23"]
[SourceQuality "1"]

1. d4 Nf6 2. c4 g6 3. Nc3 Bg7 4. Nf3 d6 5. h3 0-0 6. Bf4 c5 7. e3 cxd4 8. exd4 d5 9. Bd3 Nc6 10. 0-0 Nb4 11. Be2 dxc4 12. Bxc4 Nbd5 13. Be5 Be6 14. Qb3 Nxc3 15. bxc3 Bxc4 16. Qxc4 Nd5 17. Qb3 b5 18. Rfc1 Rc8 19. a4 a6 20. axb5 axb5 21. Bxg7 Kxg7 22. Ne5 e6 23. Nd3 Qd6 24. Nc5 Rb8 25. Ra6 Qf4 26. Rca1 Rfc8 27. Ra7 Kg8 28. Qb2 b4 29. c4 Nb6 30. Rc1 Rd8 31. d5 Nxc4 32. Rxc4 Qxc4 33. Qf6 Qc1+ 34. Kh2 Qh6 35. Qxf7+ Kh8 36. Qf6+ Kg8 37. Qxe6+ Kh8 38. Qe5+ Kg8 39. Ne6 Rf8 40. Rg7+ 1-0

[Event "Heraklion op 20th"]
[Site "Heraklion"]
[Date "2017.04.20"]
[Round "5"]
[White "Lirindzakis, Timotheos"]
[Black "Serpetsidakis, Nikolaos"]
[Result "1-0"]
[WhiteElo "2177"]
[BlackElo "1994"]
[PlyCount "101"]
[EventDate "2017.04.17"]
[EventType "swiss"]
[EventRounds "9"]
[EventCountry "GRE"]
[SourceTitle "CBM 177 Extra"]
[Source "ChessBase"]
[SourceDate "2017.04.27"]
[SourceVersion "1"]
[SourceVersionDate "2017.04.27"]
[SourceQuality "1"]

1. d4 Nf6 2. c4 g6 3. g3 Bg7 4. Bg2 0-0 5. Nc3 d6 6. Nf3 Nbd7 7. 0-0 e5 8. h3 a6 9. dxe5 Nxe5 10. Nxe5 dxe5 11. Qb3 Rb8 12. Rd1 Bd7 13. Be3 b6 14. Rac1 Qc8 15. Kh2 Re8 16. Nd5 e4 17. Bf4 Rb7 18. Qa3 Nxd5 19. cxd5 Bb5 20. Rd2 Qd7 21. f3 e3 22. Bxe3 Be5 23. Bf2 Bd6 24. Qc3 Bxe2 25. Qc6 Qxc6 26. dxc6 Rbb8 27. Rxd6 cxd6 28. c7 Rbc8 29. Bxb6 Kf8 30. f4 Bb5 31. Rc2 Bd7 32. Bb7 Ra8 33. g4 f5 34. g5 Ke7 35. Bd4 Be6 36. Bf6+ Kf7 37. b4 Bd7 38. Kg3 Rec8 39. Bd4 Re8 40. Kf3 Rec8 41. Rc1 Re8 42. a4 Rac8 43. Be3 Re4 44. b5 Rce8 45. Rc3 axb5 46. axb5 Ke6 47. c8Q Bxc8 48. Bxc8+ Kf7 49. Bb7 Rb4 50. Bd5+ Ke7 51. b6 1-0

[Event "GRE-ch U20"]
[Site "Chania"]
[Date "2017.01.06"]
[Round "7"]
[White "Fidrilakis, Stavros"]
[Black "Serpetsidakis, Nikolaos"]
[Result "1-0"]
[WhiteElo "1869"]
[BlackElo "2034"]
[PlyCount "99"]
[EventDate "2017.01.02"]
[EventType "swiss"]
[EventRounds "9"]
[EventCountry "GRE"]
[SourceTitle "EXT 2024"]
[Source "ChessBase"]
[SourceDate "2023.10.10"]
[SourceVersion "1"]
[SourceVersionDate "2023.10.10"]
[SourceQuality "1"]

1. Nf3 Nf6 2. g3 g6 3. Bg2 Bg7 4. 0-0 0-0 5. c4 d6 6. d4 Nbd7 7. Nc3 e5 8. e4 a6 9. Re1 exd4 10. Nxd4 Ng4 11. h3 Nge5 12. b3 Nc5 13. Be3 Rb8 14. Qc2 Bd7 15. Rad1 Qc8 16. Kh2 Nc6 17. Nd5 Re8 18. b4 Ne6 19. Nb3 b5 20. c5 dxc5 21. Nxc5 Ned4 22. Qb1 Ra8 23. Rd2 Bxh3 24. Bxh3 Nf3+ 25. Kg2 Nxe1+ 26. Qxe1 f5 27. Qb1 Rf8 28. exf5 gxf5 29. Bf4 Ra7 30. Qc2 Rf7 31. Qd1 Bf8 32. Nd7 Bg7 33. Nc5 Bf8 34. a3 a5 35. Qb3 a4 36. Qa2 Bg7 37. Ne4 Kh8 38. Ng5 Rf8 39. Ne3 Nd4 40. Rxd4 Bxd4 41. Nf7+ Rxf7 42. Qxf7 c6 43. Qh5 c5 44. Nxf5 Qa8+ 45. Kh2 Bb2 46. Nh6 cxb4 47. Be5+ Bxe5 48. Qxe5+ Rg7 49. Nf5 Qf8 50. axb4 1-0

[Event "GRE-ch U20"]
[Site "Chania"]
[Date "2017.01.05"]
[Round "6"]
[White "Serpetsidakis, Nikolaos"]
[Black "Malataras, Gerasimos"]
[Result "1-0"]
[WhiteElo "2034"]
[BlackElo "1758"]
[PlyCount "53"]
[EventDate "2017.01.02"]
[EventType "swiss"]
[EventRounds "9"]
[EventCountry "GRE"]
[SourceTitle "EXT 2024"]
[Source "ChessBase"]
[SourceDate "2023.10.10"]
[SourceVersion "1"]
[SourceVersionDate "2023.10.10"]
[SourceQuality "1"]

1. d4 d5 2. Nf3 Nf6 3. e3 c5 4. Nbd2 e6 5. b3 Be7 6. Bb2 b6 7. Bd3 Bb7 8. 0-0 0-0 9. Ne5 Nbd7 10. f4 Nxe5 11. fxe5 Ne4 12. Bxe4 dxe4 13. Qg4 Qc7 14. Rac1 Qc6 15. Rf4 f5 16. exf6 Rxf6 17. d5 exd5 18. Bxf6 Bxf6 19. Rcf1 Bc3 20. Nb1 Be5 21. Rf5 Qd6 22. Rxe5 Qxe5 23. Qd7 Rf8 24. Qxb7 Rxf1+ 25. Kxf1 Qxh2 26. Qxd5+ Kf8 27. Qa8+ 1-0